Quizzes
Events
Quiz Creation
Community
Videos
Private Events
Remove Ads
Sign In
Join for FREE
Feedback
Dark Mode
Quiz Categories
Sports
Geography
Music
Movies
Television
Just For Fun
Miscellaneous
History
Literature
Language
Science
Gaming
Entertainment
Religion
Holiday
For Kids
Quiz Lab
Recent
Popular Today
Quiz Kudos Today
Editor Picks
Curator Picks
Quizzes by...
Day
Popularity
Type
Ratings
Length
Year
Community
Subscriptions
Recent Discussions
Orange Saloon
Badges
Playlists
Quests
Create
Leaderboards
Showdown
Live 5
Trivia Bingo
Activity
Puzzle Library
Sporcle Events
Private Events
Virtual Trivia
Globe League
Become a Host
Pub Owners
SporcleCon
Opinionation
Our Games
Videos
Blog
Mobile Apps
Partnerships
Remove Ads and Go Orange
Feedback
Entertainment
Celebrity
Famous
Musical
Broadway
Show
Quote
Comic Books
Anime
Superhero
DC Comics
Marvel
Cartoons
Animation
Entertainment
Celebrity
Famous
Musical
Broadway
Show
Quote
Comic Books
Anime
Superhero
DC Comics
Marvel
Cartoons
Animation
Random Quiz
Search Sporcle
×
Quiz Lab
Quiz Lab
Entertainment
Comic Books
Type in answers that appear in a list
Type in answers that appear in a list
Classic
Best Score? Go Orange.
Newspaper Comic Strips 2 (Picture Quiz) Stats
Can you name the newspaper comic strips?
By
wickethewok
6m
20 Questions
825 Plays
825 Plays
825 Plays
Comments
Comments
Give Quiz Kudos
Give Quiz Kudos
-
- Ratings
hide this ad
More Info
Replay
Link that replays current quiz
Next Quiz
Link to next quiz in quiz playlist
You Got
0%
They Got
Avg Score
52%
Avg Friend Score
Upgrade to see
Score Distribution
Jump to the score distribution portion of the page
Score
0/20
Timer
06:00
0
Plays Today
#
% Correct
16
Peanuts
93.3%
5
Dilbert
88.8%
11
Blondie
77.3%
19
Marmaduke
75.9%
7
Family Circus
75.8%
17
Cathy
75.4%
2
Dick Tracy
74.9%
20
Doonesbury
64.5%
1
Andy Capp
60.6%
14
For Better or For Worse
50.8%
#
% Correct
4
Get Fuzzy
44.6%
18
Bloom County/Outland/Opus
43.2%
13
Mutts
38.9%
6
Mary Worth
36.8%
12
Shoe
34.3%
10
Pickles
31%
9
Pogo
30.7%
3
Curtis
24.8%
8
Tumbleweeds
11.9%
15
Gil Thorp
9.7%
Quiz Playlist
Details
Report
Send in Message
Add To Playlist
More Info:
Try the original here: http://www.sporcle.com/games/wickethewok/comics
Classic:
Type in answers that appear in a list
Last Updated: Feb 16, 2017
Quiz Scoreboard
CHALLENGE
Sign Up to Join the Scoreboard
Show All
Scores
Hide
Comments
May contain spoilers
Recently Published
9x9 Crossword: Cartoon Network
by jackfrog10
Miscellaneous
3m
College Basketball Coaching Resumes
by pancakes188
Sports
9m
Billboard Blitz: Fleetwood Mac
by CooCooCachoo
Music
15s
More to Explore
Quiz From the Vault
Featured Blog Post
Where Did the Easter Bunny Come From?
hide this ad
You Might Also Like...
Tags
Comic Books Quiz
Image Quiz
Newspaper
strip
Today's Top Quizzes in Entertainment
Browse Entertainment
hide this ad
Today's Top Quizzes in Comic Books
Browse Comic Books
Top Contributed Quizzes in Entertainment
1
7-to-1: DC Comics Villains
2
Marvel Characters Bunker
3
Eurovision 2023 Logic Puzzle
4
Dragon Ball Z: Goku's Fights in Order
5
Sorting Pictures: Villains
6
Criteria Quickie: Cartoon Taxonomy II
7
7-to-1: One Piece
8
Mini Trivia Sudoku: Musicals
9
Fictional Villains Letter U Blitz
10
Kamen Rider Motifs
Explore More
Trending Topics
NBA
Anime
Crossword
Disney
Marvel
Kpop
Harry Potter
WWE
Country
Soccer
Puzzle
NFL
Song
Pokémon
The Office
hide this ad
More By:
wickethewok
Quiz
Plays
Rating
Category
Featured
Created
Marx Brothers Films
11,083
4.27
Movies
Oct 4, 2009
⋔Top 30 Songs of the 2000s (clips)⋔
7,108
3.15
Music
May 29, 2010
Newspaper Comic Strips (Picture Quiz)
3,572
4.15
Entertainment
Dec 9, 2009
Pitchfork Top 100 Albums of the 2000s
3,548
4.20
Music
Oct 10, 2009
Nicktoons by character
1,770
4.20
Television
Nov 2, 2009
Go to Creator's Profile
Score Distribution
Quiz Creator Spotlight
wickethewok
Follow
Send a Message
Quizzes Created
-
Created Quiz Play Count
-
More By This Creator
Popular Quizzes Today
1
Find the US States - No Outlines Minefield
2
Find the Countries of Europe - No Outlines Minefield
3
The Countries of the World
4
Find the US States
5
Risky Map Clicking: Biggest States A-Z
6
US States
7
Popular People in 1961
8
Movies - When Are They Set?
More Entertainment Quizzes
Celebrity or Star Wars Character? II
Published
Trending Quizzes
Risky Map Clicking: Least Populous States A-Z
1-10 Letter G Words
Risky Map Clicking: Next State Alphabetically
Adjectives in 80s TV Shows
The Seven Year Switch: Catherine
Recently Updated
Leaping Animals
pecheneg
Reality TV Shows (A-Z)
bhenderson79
Rickey Henderson's Hall of Fame Teammates
pecheneg
Champions League XIs: Arsenal
pecheneg
Quick Pick: Celebrities in WWE's Hall of Fame
aduchscher
A-Z Keypad Blitz II
pecheneg
Multiple Oscar Actors
pecheneg
Mystery Phrase Blitz: Oscar 'Best Actors'
pecheneg
F. Scott Fitzgerald Novels
LTH
Pick 3 Villains
ddd62291
Trending Topics
Kpop
Anime
Marvel
Harry Potter
NBA
Disney
Crossword
Country
Pokémon
NFL
WWE
Song
The Office
Puzzle
Soccer
Your Account Isn't Verified!
In order to create a playlist on Sporcle, you need to verify the email address you used during registration. Go to your
Sporcle Settings
to finish the process.
Report this User
Report this user for behavior that violates our
Community Guidelines
.
Details:
Send Report
Go to the Sporcle.com Mobile Site →
Comments